Moonlight On The River by Mac DeMarco-lyrics - Estadísticas

Estadísticas generales
  • Esta prueba ha sido intentada 4 veces
  • La puntuación promedio es 91 de 138
Estadísticas de respuestas
Hint Respuesta % Correcto
­ A
100%
­ Moonlight
100%
­ On
100%
­ River,
100%
­ See
100%
­ The
100%
­ About
67%
­ Ain't
67%
­ And
67%
­ Beside
67%
­ Deciding,
67%
­ Did
67%
­ Dies
67%
­ Feel
67%
­ Goodbyes
67%
­ Home,
67%
­ How
67%
­ I
67%
­ I'd
67%
­ If
67%
­ | ­­ I'm
67%
­ It
67%
­ It's
67%
­ Later
67%
­ Loved
67%
­ | ­­ My
67%
Say,
67%
­ So
67%
­ Strange,
67%
­ Tell
67%
­ There
67%
­ Thought
67%
­ To
67%
­ With
67%
­ You
67%
­ You,
67%
­ At
33%
­ Conversation,
33%
­ Easy
33%
­ Emotion,
33%
­ Everybody
33%
­ Going
33%
­ Like,
33%
­ Next
33%
­ Saying
33%
­ Standing
33%
­ Such
33%
­ That
33%
­ Time,
33%
­ Time
33%
­ Used
33%
­ Were
33%
­ We're
33%
­ Where
33%
­ Without
33%
­ Exactly
0%
­ There's
0%
No se encontraron pruebas coincidentes
Distribución de puntuación
Porcentaje de gente con cada puntuación
Porcentaje por número respondido
Historial de tus puntuaciones
No has intentado esta prueba.